Isimu jamii/ (Record no. 13743)
[ view plain ]
| 000 -LEADER | |
|---|---|
| fixed length control field | 00517nam a2200169 4500 |
| 008 - FIXED-LENGTH DATA ELEMENTS--GENERAL INFORMATION | |
| fixed length control field | 160905b xxu||||| |||| 00| 0 eng d |
| 020 ## - INTERNATIONAL STANDARD BOOK NUMBER | |
| International Standard Book Number | 9966011528 |
| 050 ## - LIBRARY OF CONGRESS CALL NUMBER | |
| Classification number | PL 8701 |
| Item number | I7 2011 |
| 100 ## - MAIN ENTRY--PERSONAL NAME | |
| Personal name | Iribemwangi, P. I. |
| 245 ## - TITLE STATEMENT | |
| Title | Isimu jamii/ |
| Statement of responsibility, etc. | P. I. Iribe mwangi [and] Ayub Mukhwana |
| 260 ## - PUBLICATION, DISTRIBUTION, ETC. (IMPRINT) | |
| Place of publication, distribution, etc. | Nairobi: |
| Name of publisher, distributor, etc. | Focus Publishers Ltd, |
| Date of publication, distribution, etc. | 2011 |
| 300 ## - PHYSICAL DESCRIPTION | |
| Extent | 178 p. |
| 504 ## - BIBLIOGRAPHY, ETC. NOTE | |
| Bibliography, etc | Includes bibl. refs. |
| 600 ## - SUBJECT ADDED ENTRY--PERSONAL NAME | |
| Personal name | Swahili language |
| 700 ## - ADDED ENTRY--PERSONAL NAME | |
| Personal name | Mukhwana, Ayub |
| 942 ## - ADDED ENTRY ELEMENTS (KOHA) | |
| Source of classification or shelving scheme | |
| Koha item type | Africana (Books) |
| Classification part | PL 8701 I7 2011 |
| Koha issues (borrowed), all copies | 59 |
| Withdrawn status | Lost status | Source of classification or shelving scheme | Damaged status | Not for loan | Home library | Current library | Shelving location | Date acquired | Source of acquisition | Cost, normal purchase price | Total Checkouts | Full call number | Barcode | Date last seen | Date last checked out | Price effective from | Koha item type |
|---|---|---|---|---|---|---|---|---|---|---|---|---|---|---|---|---|---|
| MACHAKOS UNIVERSITY LIBRARY | MACHAKOS UNIVERSITY LIBRARY | Africana | 05/09/2016 | Donation | 465.00 | 94 | AFR PL 8701 I7 2011 | 25616 | 02/03/2026 | 02/03/2026 | 05/09/2016 | Africana (Books) | |||||
| MACHAKOS UNIVERSITY LIBRARY | MACHAKOS UNIVERSITY LIBRARY | Africana | 28/06/2019 | UNES | 465.00 | 10 | AFR PL 8701 .I75 2011 | 39028 | 05/01/2026 | 03/12/2025 | 28/06/2019 | Africana (Books) | |||||
| MACHAKOS UNIVERSITY LIBRARY | MACHAKOS UNIVERSITY LIBRARY | Africana | 28/06/2019 | UNES | 465.00 | 36 | AFR PL 8701 .I75 2011 | 39027 | 30/11/2024 | 30/11/2024 | 28/06/2019 | Africana (Books) |